| Tag |
First Indicator |
Second Indicator |
Subfields |
| LEADER |
00000cam a2200000 a 4500 |
| 001 |
in00002763721 |
| 005 |
20211120165408.0 |
| 006 |
m d f |
| 007 |
cr bn||||||||| |
| 008 |
120803s2012 dcua o f000 0beng c |
| 035 |
|
|
|a (OCoLC)ocn803973855
|
| 040 |
|
|
|a GPO
|c GPO
|d OCLCO
|d GPO
|d MvI
|d UtOrBLW
|
| 042 |
|
|
|a pcc
|
| 043 |
|
|
|a n-us---
|
| 049 |
|
|
|a WWW
|
| 074 |
|
|
|a 0996-D (online)
|
| 086 |
0 |
|
|a Y 1.1/3:111-22
|
| 245 |
0 |
0 |
|a Tributes delivered in Congress :
|b Robert F. Bennett, United States Senator, 1993-2011.
|
| 246 |
1 |
4 |
|a Robert F. Bennett, U.S. Senator from Utah, tributes in the Congress of the United States
|
| 264 |
|
1 |
|a Washington :
|b U.S. G.P.O.,
|c 2012.
|
| 300 |
|
|
|a 1 online resource (xii, 21 pages) :
|b illustrations
|
| 336 |
|
|
|a text
|b txt
|2 rdacontent
|
| 337 |
|
|
|a computer
|b c
|2 rdamedia
|
| 338 |
|
|
|a online resource
|b cr
|2 rdacarrier
|
| 490 |
1 |
|
|a S. doc. ;
|v 111-22
|
| 500 |
|
|
|a "Compiled under the direction of the Joint Committee on Printing"--Title page verso.
|
| 500 |
|
|
|a Electronic resource.
|
| 600 |
1 |
0 |
|a Bennett, Robert F.
|q (Robert Foster),
|d 1933-
|
| 650 |
|
0 |
|a Legislators
|z United States
|v Biography.
|
| 710 |
1 |
|
|a United States.
|b Congress.
|b Joint Committee on Printing.
|
| 776 |
0 |
8 |
|i Print version:
|t Tributes delivered in Congress, Robert F. Bennett, United States Senator, 1993-2011
|w (OCoLC)802346625
|
| 776 |
0 |
8 |
|i Microfiche:
|t Tributes delivered in Congress, Robert F. Bennett, United States Senator, 1993-2011
|w (OCoLC)810280228
|
| 830 |
|
0 |
|a Senate document (United States. Congress. Senate) ;
|v 111-22.
|
| 856 |
4 |
0 |
|u https://purl.fdlp.gov/GPO/gpo26234
|t 0
|
| 999 |
|
|
|a MARS
|
| 999 |
f |
f |
|s a810ff67-5c61-3815-8f77-5651250a1eb7
|i 7d91bc3c-18af-35b7-a70c-4d113acd072a
|t 0
|
| 952 |
f |
f |
|a Texas A&M University
|b College Station
|c Electronic Resources
|d Available Online
|t 0
|e Y 1.1/3:111-22
|h Superintendent of Documents classification
|
| 998 |
f |
f |
|a Y 1.1/3:111-22
|t 0
|l Available Online
|